Advanced technology optical telescopes (Record no. 10545)

MARC details
000 -LEADER
fixed length control field 00929nam a2200217Ia 4500
003 - CONTROL NUMBER IDENTIFIER
control field IN-BaIIA
008 - FIXED-LENGTH DATA ELEMENTS--GENERAL INFORMATION
fixed length control field 211028s9999 xx 000 0 eng d
020 ## - INTERNATIONAL STANDARD BOOK NUMBER
International Standard Book Number 0-8194-0280-X
040 ## - CATALOGING SOURCE
Transcribing agency IIA Library
080 ## - UNIVERSAL DECIMAL CLASSIFICATION NUMBER
Universal Decimal Classification number 535(082.1)
Item number SPI-1236
111 ## - MAIN ENTRY--MEETING NAME
Meeting name or jurisdiction name as entry element Society of Photo-Optical Instrumentation Engineers Conference
Location of meeting Arizona
Date of meeting or treaty signing 1990 Feb. 12-16
9 (RLIN) 17933
245 #0 - TITLE STATEMENT
Title Advanced technology optical telescopes
Remainder of title IV, pt. 1, proceedings of the SPIE, held at Tucson, Arizona from 12-16, 1990
Statement of responsibility, etc. edited by Lawrence D. Barr
260 ## - PUBLICATION, DISTRIBUTION, ETC.
Place of publication, distribution, etc. Washington
Name of publisher, distributor, etc. Society of Photo-Optical Instrumentation Engineers
Date of publication, distribution, etc. 1990
300 ## - PHYSICAL DESCRIPTION
Extent xiii, 584p.
490 ## - SERIES STATEMENT
Series statement SPIE proceedings series; v. 1236
650 ## - SUBJECT ADDED ENTRY--TOPICAL TERM
Topical term or geographic name entry element Astronomy and Astrophysics Thesaurus
650 ## - SUBJECT ADDED ENTRY--TOPICAL TERM
Topical term or geographic name entry element Optical telescopes
9 (RLIN) 3706
700 ## - ADDED ENTRY--PERSONAL NAME
Personal name Barr, Lawrence D., ed.
9 (RLIN) 17934
710 ## - ADDED ENTRY--CORPORATE NAME
Corporate name or jurisdiction name as entry element Society of Photo-optical Instrumentation Engineers
9 (RLIN) 17935
942 ## - ADDED ENTRY ELEMENTS (KOHA)
Koha item type Books
Holdings
Withdrawn status Lost status Damaged status Not for loan Home library Current library Shelving location Date acquired Total Checkouts Full call number Barcode Date last seen Price effective from Koha item type
        IIA Library-Bangalore IIA Library-Bangalore General Stacks 02/02/1993   535(082.1)/ SPI-1236 11456 05/11/2021 02/02/1993 Books

Powered by Koha